000 00973nam a2200289Ia 4500
001 Para_1476
003 CHAP
008 220125s2000 xx 000 0 und d
010 _a200223
040 _cCHAP
090 _aPA TESIS 1417
100 _aRomero Cobayasi, Alejandro Marcelino
_999546
245 _aMetodología para valuación de predios rústicos /
_c por Alejandro Marcelino Romero Cobayasi
260 _aChapingo, Méx. :
_b El autor
300 _a43 h.
502 _aMemoria de esperiencia profesional (Ing. Agr. Esp. en Parasitología Agrícola), UACh. Depto. Parasitología
650 _aAgricultura
_x aspectos económicos
650 _aDesarollo de la comunidad rural
_9165099
710 _aUACh. Departamento de Parasitología Agrícola
_9115877
901 _aPA TESIS 1417
902 _aA
905 _a0000002000 a 0000000000 00
910 _a2000
942 _cPARA
942 _cPARA
_d1
999 _c200223
_d200223